Στοιχηματικές στοχαστικές διαδικασίες συνεχούς χρόνου και κίνησις Brown
Saved in:
| Main Author: | |
|---|---|
| Other Authors: | , |
| Format: | Book |
| Language: | Greek English |
| Published: |
[Αθήνα] :
Leader books,
c2004.
|
| Subjects: | |
| Tags: |
Add Tag
No Tags, Be the first to tag this record!
|
MARC
| LEADER | 00000cam a2200000 i 4500 | ||
|---|---|---|---|
| 001 | 1/52972 | ||
| 008 | 070829s2004 gr | ||| |||| ||gre|| | ||
| 020 | |a 9607901533 | ||
| 035 | |l 10090155 | ||
| 040 | |a GR-MyUA |b gre |e AACR2 | ||
| 041 | 1 | |a gre |h eng | |
| 082 | 0 | |a 519.287 |2 (22) | |
| 100 | 1 | |a Revuz, D. | |
| 245 | 1 | 0 | |a Στοιχηματικές στοχαστικές διαδικασίες συνεχούς χρόνου και κίνησις Brown / |c Daniel Revuz, Marc Yor ; μετάφρασις Βασιλείου Θ. Παπακωνσταντίνου. |
| 260 | |a [Αθήνα] : |b Leader books, |c c2004. | ||
| 300 | |a xiv, 673 σ. ; |c 25 εκ. | ||
| 504 | |a Περιέχει βιβλιογραφικές παραπομπές (σ. 617-669). | ||
| 650 | 0 | 0 | |a Martingales (Mathematics) |
| 650 | 0 | 0 | |a Brownian motion processes. |
| 700 | 1 | |a Yor, Marc. | |
| 700 | 1 | |a Παπακωνσταντίνου, Βασιλείου Θ. |e trl | |
| 765 | 0 | 8 | |i Μετάφραση του: |t Continuous martingales and Brownian motion / |
| 852 | |a INST |b CHIOS |e 20070829 |h 519.287 REV |p 005200025992 |q 005200025992 |t BK |y 0 | ||
| 852 | |a INST |b SAMOS |e 20080627 |h 519.287 REV |p 005300030219 |q 005300030219 |t BK |y 23 | ||
| 852 | |a INST |b SAMOS |c EUDOXUS |e 20140129 |h 519.287 REV |p 005300036311 |q 005300036311 |t EDX |y 0 | ||
| 852 | |a INST |b SAMOS |c EUDOXUS |e 20140717 |h 519.287 REV |p 005300036905 |q 005300036905 |t EDX |y 0 | ||
| 852 | |a INST |b SAMOS |c EUDOXUS |e 20130410 |h 519.287 REV |p 005300039867 |q 005300039867 |t EDX |y 0 | ||
| 852 | |a INST |b SAMOS |c EUDOXUS |e 20130410 |h 519.287 REV |p 005300039868 |q 005300039868 |t EDX |y 0 | ||
| 901 | |a BIBL3-2014-2 | ||
| 901 | |a BIBL3-2014-1 | ||
| 901 | |a BIBL3-2013-1 | ||
| 901 | |a BIBL3-2008-2 | ||
| 901 | |a BIBL2-2007-2 | ||
| 909 | |a Σ |b 185067 | ||
| 909 | |a Σ |b 184556 | ||
| 909 | |a Σ |b 178120 | ||
| 909 | |a Σ |b 178121 | ||
| 909 | |a Σ |b 141588 | ||
| 909 | |a Χ |b 136385 | ||
| 920 | |a ΕΥΔΟΞΟΣ |b ΕΠΙΣΤΡΟΦΗ |y Σάμος |z 2014-07 | ||
| 920 | |a ΕΥΔΟΞΟΣ |b ΠΑΡΑΓΓΕΛΙΑ-ΤΣΧΑΜ |y Σάμος |z 2013-12 | ||
| 920 | |a ΕΥΔΟΞΟΣ |b ΠΑΡΑΓΓΕΛΙΑ |y Σάμος-ΤΣΑΧΜ |z 2013-02 | ||
| 922 | |a 3ΕΛΗ |b 200711 |c ΕΠΕΑΕΚ2/ΤΜΗΜΑ ΜΑΘΗΜΑΤΙΚΩΝ |d ΠΑΤΑΚΗΣ | ||
| 922 | |a 2ΕΛΗ |b 200707 |c ΕΠΕΑΕΚ2/ΤΜΟΔ |d ΠΑΤΑΚΗΣ | ||
| 970 | |a ΑΤΣΑΛΗ |b ΔΕΣΠΟΙΝΑ |z 2007/08/29 | ||